Luna mutilada /
Uloženo v:
| Hlavní autor: | |
|---|---|
| Médium: | Neznámo |
| Jazyk: | Spanish |
| Vydáno: |
México :
Praxis,
1991.
|
| Vydání: | 1 edición |
| Edice: | (Colección el Cristal Fugitivo ;
7) |
| Témata: | |
| Tagy: |
Přidat tag
Žádné tagy, Buďte první, kdo vytvoří štítek k tomuto záznamu!
|
MARC
| LEADER | 000000000a22000000004500 | ||
|---|---|---|---|
| 001 | 008461 | ||
| 020 | |a 9686509089 | ||
| 041 | 0 | |a spa | |
| 082 | 0 | 4 | |a G861.42 |b G6436L |
| 100 | 1 | |a González, Otto-Raúl, |d 1944- | |
| 245 | 1 | 0 | |a Luna mutilada / |c Otto-Raúl González. |
| 250 | |a 1 edición | ||
| 260 | 1 | |a México : |b Praxis, |c 1991. | |
| 300 | |a 134 páginas | ||
| 490 | 1 | |a (Colección el Cristal Fugitivo ; |v 7) | |
| 500 | |a La biblioteca posee otro ejemplar con número de inscripción 14134 | ||
| 650 | 4 | |a LITERATURA GUATEMALTECA | |
| 650 | 4 | |a POESIA | |
| 650 | 4 | |a GUATEMALA | |
| 650 | 4 | |a HISTORIA | |
| 999 | |c 14031 |d 14031 | ||
| 942 | |c BK |h G861.42 G6436L |2 z | ||



